Online
Catalog

Gramática de la fantasía : (Record no. 2416)

MARC details
000 -CABECERA
campo de control de longitud fija 01087cam a2200265 a 4500
001 - NÚMERO DE CONTROL
campo de control 000002580
005 - FECHA Y HORA DE LA ÚLTIMA TRANSACCIÓN
campo de control 20260515094837.0
008 - DATOS DE LONGITUD FIJA--INFORMACIÓN GENERAL
campo de control de longitud fija 780615s1999 ck a 001 0 spa
020 ## - NÚMERO INTERNACIONAL ESTÁNDAR DEL LIBRO
Número Internacional Estándar del Libro 9583005592
040 ## - FUENTE DE LA CATALOGACIÓN
Centro catalogador/agencia de origen DO-SdBNP
Centro/agencia transcriptor MB
Centro/agencia modificador DLC
041 17 - CÓDIGO DE LENGUA
Código de lengua del texto/banda sonora o título independiente spa
Código de lengua original ita
Fuente del código Código de idioma MARC
082 ## - NÚMERO DE LA CLASIFICACIÓN DECIMAL DEWEY
Número de clasificación 153.35
Número de documento/Ítem R685g
100 1# - ENTRADA PRINCIPAL--NOMBRE DE PERSONA
Nombre de persona Rodari, Gianni
9 (RLIN) 8123
240 10 - TÍTULO UNIFORME
Título uniforme Grammatica della fantasia; Introduzione all'arte di inventare storie.
Lenguaje de la obra Español
245 10 - MENCIÓN DE TÍTULO
Título Gramática de la fantasía :
Resto del título introducción al arte de inventar historias /
Mención de responsabilidad, etc. Gianni Rodari; traducción, Alessandra Merlo; edición, Ricardo Rendón López.
260 ## - PUBLICACIÓN, DISTRIBUCIÓN, ETC.
Lugar de publicación, distribución, etc. Colombia :
Nombre del editor, distribuidor, etc. Panamericana,
Fecha de publicación, distribución, etc. 1999.
300 ## - DESCRIPCIÓN FÍSICA
Extensión 228 p. :
Otras características físicas il. ;
Dimensiones 20 cm.
534 ## - NOTA SOBRE LA VERSIÓN ORIGINAL
Encabezamiento principal del original Título original:
Mención de título del original Grammatica della fantasia; Introduzione all'arte di inventare storie
650 #4 - PUNTO DE ACCESO ADICIONAL DE MATERIA--TÉRMINO DE MATERIA
Término de materia o nombre geográfico como elemento de entrada Pensamiento creativo
9 (RLIN) 8124
650 #0 - PUNTO DE ACCESO ADICIONAL DE MATERIA--TÉRMINO DE MATERIA
Término de materia o nombre geográfico como elemento de entrada Narración de cuentos
9 (RLIN) 8125
650 #4 - PUNTO DE ACCESO ADICIONAL DE MATERIA--TÉRMINO DE MATERIA
Término de materia o nombre geográfico como elemento de entrada Actividades creativas y trabajo en clase
9 (RLIN) 8126
700 1# - PUNTO DE ACCESO ADICIONAL--NOMBRE DE PERSONA
Nombre de persona Merlo, Alessandra
Término indicativo de función/relación tr.
9 (RLIN) 8127
700 1# - PUNTO DE ACCESO ADICIONAL--NOMBRE DE PERSONA
Nombre de persona Rendón López, Ricardo
Término indicativo de función/relación ed.
9 (RLIN) 8128
910 ## - DATOS DE OPCIÓN DEL USUARIO (OCLC)
Datos de opción del usuario Catalogación por copia / LC
Holdings
Estado de retiro Estado de pérdida Restricciones de uso No para préstamo Código de colección Localización permanente Ubicación/localización actual Ubicación en estantería Fecha de adquisición Número de inventario Total de préstamos Signatura topográfica completa Código de barras Fecha visto por última vez Precio válido a partir de Tipo de ítem Koha
    Préstamo interno   Monografías: Libros y Folletos General General En catalogación 06.07.2009 LF1   153.35 R685g 2580-10 25.06.2020 25.06.2020 Préstamo interno

Powered by Koha